Normal view
MARC view
Entry Geographic Name
001 - CONTROL NUMBER
- control field: 4292
003 - CONTROL NUMBER IDENTIFIER
- control field: BD-DhEWU
005 - DATE AND TIME OF LATEST TRANSACTION
- control field: 20140226164306.0
008 - FIXED-LENGTH DATA ELEMENTS
- fixed length control field: 140226|| aca||aabn | a|a d
040 ## - CATALOGING SOURCE
- Original cataloging agency: BD-DhEWU
- Transcribing agency: BD-DhEWU
151 ## - HEADING--GEOGRAPHIC NAME
- Geographic name: Industrial policy -- United States.
670 ## - SOURCE DATA FOUND
- Source citation: Work cat.: (BD-DhEWU)2183: Galbraith, John Kenneth, 1908-2006. 4289, Economics and the public purpose /, c1973.